Länder mit der niedrigsten Pressefreiheit - Statistiken

Allgemein
  • Dieses Quiz wurde 40 mal gespielt
  • Das Durchschnittsergebnis liegt bei 10 aus 20
Antwortstatistiken
Index Land % Korrekt
13,9 Nordkorea
89%
25,2 China
77%
28,9 Syrien
74%
28,6 Irak
69%
23,2 Iran
69%
33,7 Saudi Arabien
63%
29,1 Jemen
60%
19,6 Eritrea
54%
25,0 Myanmar
54%
36,6 Laos
51%
36,0 Oman
49%
31,0 Bahrain
46%
25,0 Turkmenistan
46%
26,1 Vietnam
43%
30,2 Ägypten
34%
36,6 Bangladesch
29%
35,8 Dschibuti
29%
27,3 Kuba
29%
37,1 Nicaragua
14%
34,6 Honduras
6%
Keine übereinstimmenden Quizze gefunden
Verteilung der Resultate
Anzahl Personen mit jedem Resultat
Perzentil nach korrekt beantworteten Fragen
Ihre Resultats-Entwicklung
Sie haben dieses Quiz noch nicht gespielt